| 000 | 00925nab a2200289 a 4500 | ||
|---|---|---|---|
| 005 | 20210219162053.0 | ||
| 008 | 991125s1985 mx 000 0 spa u | ||
| 035 | _aUPN01000197179 | ||
| 049 | _aART-E | ||
| 100 | 1 | _aAlvarez Alvarez, Carmen | |
| 100 | 1 | _ucarmen.alvarez@unican.es | |
| 222 |
_aOCNOS : _bREVISTA DE ESTUDIOS SOBRE LECTURA |
||
| 245 | _aEstudio de caso sobre la formación de lectores críticos mediante textos literarios en la educación primaria | ||
| 260 | _aEspaña | ||
| 300 | _a27-53 | ||
| 362 | 0 | _a2013, no. 10 | |
| 653 | 0 | _aFORMACION LECTORA | |
| 653 | 0 | _aPENSAMIENTO CRITICO | |
| 653 | 0 | _aPROCESOS DE LECTURA | |
| 653 | 0 | _aEDUCACION BASICA | |
| 700 | 1 |
_aPacual Díez, Julián, _ecoaut. |
|
| 700 | 1 | _ujpascual@uniovi.es | |
| 856 | 1 | _uhttp://www.revista.uclm.es/index.php/ocnos/article/view/291/332 | |
| 905 | _aArticulo | ||
| 338 | _arecurso en linea | ||
| 999 |
_c169280 _d169280 |
||